Corporate Banking: A practical approach to lending (Record no. 3620)

MARC details
000 -LEADER
fixed length control field 00726nam a2200157 4500
050 ## - CALL NUMBER
Classification number HG1641.M38
100 ## - AUTHOR
Personal name Jay M McDonald
245 ## - TITLE
Title Corporate Banking: A practical approach to lending
Statement of responsibility, etc Jay M McDonald; John E McKinley
260 ## - PUBLICATION INFORMATION
Place of publication USA
Name of publisher American Bankers Association
Year of publication 1981
300 ## - DESCRIPTION
Number of Pages 444p
Other physical details illus, 22cm
500 ## - NOTES
General note includes index
505 ## - FORMATTED CONTENTS NOTE
Table of Content Preface ix<br/>Section 1 The lending Environment 3<br/>Section ii The lending process 59<br/>Part 1 The loan request 59<br/>Part ii Financial Analysis 129<br/>Part iii Loan Structuring 211<br/>Part iv Loan Administration 347<br/>Index<br/><br/><br/><br/><br/>
650 ## - SUBJECTS
Topical Term Banking
General subdivision Corporate Banking
700 ## - OTHER AUTHORS
Personal name Jay M McDonald
942 ## - ADDED ENTRY ELEMENTS (KOHA)
Koha item type Books
Holdings
Withdrawn status Lost status Collection code Home library Current library Shelving location Date acquired Full call number Accession Number Koha item type
    Reference Methodist University Library Main Methodist University Library Main General Stacks 21/01/2013 HG1641.M38 36681 Books
Copyright © 2026  MUG Library